000 02428cam a2200421Ii 4500
001 894540388
003 OCoLC
005 20250118083312.0
008 141105s2015 nyua j 000 j eng d
020 _a0736434364
_q(hardcover)
020 _a9780736434362
_q(hardcover)
040 _aYDXCP
_beng
_erda
_cYDXCP
_dBTCTA
_dOCLCQ
_dTXN
_dJBL
_dOCLCO
_dEHH
_dCLE
_dOCLCO
_dMVP
100 1 _aDavid, Erica.
_0http://id.loc.gov/authorities/names/n2006026620.
245 1 0 _aAnna & Elsa :
_bthe polar bear piper /
_cby Erica David ; illustrated by Bill Robinson, Manuela Razzi, Francesco Legramandi, and Gabriella Matta.
246 3 _aPolar bear piper.
264 1 _aNew York :
_bRandom House,
_c2015.
300 _a123 pages :
_billustrations ;
_c20 cm.
336 _atext
_btxt
_2rdacontent.
337 _aunmediated
_bn
_2rdamedia.
338 _avolume
_bnc
_2rdacarrier.
490 1 _aAnna & Elsa ;
_v5.
490 1 _aAnna and Elsa ;
_v5.
500 _a"Sisterhood is the strongest magic" -- cover.
520 _a"Even though Arendelle is a cold, snowy place, polar bears have always been a very rare sight -- until now. A family of polar bears has been spotted on the outskirts of town, and it has started to cause all kinds of mischief. Olaf loves the bears, but Elsa and Anna need to figure out why they have suddenly disppeared -- and how to lure them back to their Arctic home!" -- back cover.
521 8 _a660L
_bLexile.
526 0 _aAccelerated Reader AR
_bLG
_c4.4
_d1.0
_z175375.
650 0 _aSisters.
_0http://id.loc.gov/authorities/subjects/sh85123008.
650 1 _aKings, queens, rulers, etc.
_0http://id.loc.gov/authorities/childrensSubjects/sj96005838.
650 0 _aPolar bear.
_0http://id.loc.gov/authorities/subjects/sh85104130.
655 7 _aShort stories.
_2lcgft
_0http://id.loc.gov/authorities/genreForms/gf2014026542.
700 1 _aRobinson, Bill
_q(Billiam)
_0http://id.loc.gov/authorities/names/no2011106129.
700 1 _aRazzi, Manuela.
_0http://id.loc.gov/authorities/names/n2011040078.
700 1 _aLegramandi, Francesco.
_0http://id.loc.gov/authorities/names/n2007037442.
700 1 _aMatta, Gabriella.
_0http://id.loc.gov/authorities/names/n2007037443.
730 0 _iBased on (work)
_aFrozen (Motion picture : 2013 : Buck and Lee)
_0http://id.loc.gov/authorities/names/n2013028328.
800 1 _aDavid, Erica.
_tAnna & Elsa ;
_0http://id.loc.gov/authorities/names/no2015002632
_vbk. 5.
942 _cBK
999 _c30354
_d30352